000 00965nam a2200289 i 4500
003 EG-GICUC
005 20260307112212.0
008 260307s1921 uk ||||fr|||| 000 0 eng d
040 _aEG-GiCUC
_beng
_cEG-GiCUC
_dEG-GiCUC
_eRda
082 0 4 _221
_a341.33
_bAN . D
092 0 4 _221
099 _aLaw1 11 341.33 AN . D 1921
100 1 _aAndrassy, Count Julius
_eAuthor.
245 1 0 _aDiplomacy and the War /
_b
_cCount Julius Andrassy ; J. Holroyd Reece.
_n
264 1 _aLondon :
_bJohn Bale, Sons & Danielsson, Ltd,
_c1921.
300 _a323page :
_billustration ;
_c 24 cm.
336 _2rda contenu
_a texte
337 _2rda medias
_aOrdinateur
338 _2 transporteur rda
_a Ressource en ligne
546 _aText in English
650 1 4 _aPublic international law
_2
651 1 _2
700 1 _aReece, J. Holroyd
_eTranslator.
856 4 0 _uhttps://fll.law.cu.edu.eg/fulltext/bks/B11-08607.pdf
905 _a50
942 _2ddc
_cBK
_e21
_n0
999 _c65561
_d65561